[Event "Iberoamerican-ch 9th"]
[Site "Panama City"]
[Date "2023.12.01"]
[Round "8"]
[White "Espinosa Veloz, Ermes"]
[Black "Diaz Perez, Michel Alejandro"]
[Result "1/2-1/2"]
[WhiteElo "2478"]
[BlackElo "2459"]
[PlyCount "117"]
[EventDate "2023.11.25"]
[EventType "swiss"]
[EventRounds "9"]
[EventCountry "PAN"]
[SourceTitle "CB49_2023"]
[SourceDate "2023.12.06"]
[SourceVersion "1"]
[SourceVersionDate "2023.12.06"]
[SourceQuality "1"]

1. e4 e5 2. Nf3 Nc6 3. Bb5 a6 4. Ba4 Nf6 5. 0-0 Be7 6. Re1 b5 7. Bb3 d6 8. c3 0-0 9. h3 Bb7 10. d4 Re8 11. Ng5 Rf8 12. Nf3 Re8 13. Nbd2 Bf8 14. a3 g6 15. Bc2 Bg7 16. Nb3 Rb8 17. Bg5 h6 18. Bd2 Nd7 19. Be3 Kh7 20. Qe2 Nf6 21. dxe5 Nxe5 22. Nxe5 Rxe5 23. f3 Re8 24. Qf2 Nd7 25. Rad1 Qe7 26. Nd2 Qf8 27. Bd4 Bxd4 28. cxd4 c5 29. f4 cxd4 30. Qxd4 Nc5 31. b4 Ne6 32. Qf2 Rbc8 33. Bb1 Rc3 34. f5 Ng7 35. Qd4 Rxa3 36. Qb2 Rg3 37. Kh2 Nxf5 38. Rg1 Rg5 39. Nf3 Bxe4 40. Nxg5+ hxg5 41. Bxe4 Rxe4 42. Rge1 Qe7 43. Rxe4 Qxe4 44. Qf6 Kg8 45. Rf1 g4 46. hxg4 Qxg4 47. Kg1 Qe4 48. Rf3 Qxb4 49. Rxf5 gxf5 50. Qg5+ Kf8 51. Qd8+ Kg7 52. Qg5+ Kh8 53. Qh6+ Kg8 54. Qg5+ Kh7 55. Qh5+ Kg7 56. Qg5+ Kf8 57. Qd8+ Kg7 58. Qg5+ Kf8 59. Qd8+ 1/2-1/2

[Event "Iberoamerican-ch 9th"]
[Site "Panama City"]
[Date "2023.11.30"]
[Round "7"]
[White "Henriquez Villagra, Cristobal"]
[Black "Espinosa Veloz, Ermes"]
[Result "1/2-1/2"]
[WhiteElo "2630"]
[BlackElo "2478"]
[PlyCount "45"]
[EventDate "2023.11.25"]
[EventType "swiss"]
[EventRounds "9"]
[EventCountry "PAN"]
[SourceTitle "CB49_2023"]
[SourceDate "2023.12.06"]
[SourceVersion "1"]
[SourceVersionDate "2023.12.06"]
[SourceQuality "1"]

1. e4 e5 2. Nf3 Nc6 3. Bc4 Nf6 4. d3 Be7 5. Nc3 d6 6. a3 0-0 7. Bg5 Kh8 8. Bxf6 Bxf6 9. Nd5 Be7 10. h4 f5 11. Qd2 f4 12. c3 Bg4 13. Ng5 Bxg5 14. hxg5 Ne7 15. d4 Nxd5 16. Bxd5 c6 17. Ba2 Qxg5 18. f3 Bh5 19. g4 Bg6 20. 0-0-0 Rad8 21. Be6 h6 22. Rh3 Rfe8 23. d5 1/2-1/2

[Event "Iberoamerican-ch 9th"]
[Site "Panama City"]
[Date "2023.11.26"]
[Round "2"]
[White "Espinosa Veloz, Ermes"]
[Black "Arribas Robaina, Maritza"]
[Result "1-0"]
[WhiteElo "2478"]
[BlackElo "2174"]
[PlyCount "43"]
[EventDate "2023.11.25"]
[EventType "swiss"]
[EventRounds "9"]
[EventCountry "PAN"]
[SourceTitle "CB49_2023"]
[SourceDate "2023.12.06"]
[SourceVersion "1"]
[SourceVersionDate "2023.12.06"]
[SourceQuality "1"]

1. e4 e6 2. d4 d5 3. Nc3 Bb4 4. exd5 exd5 5. Qf3 Nf6 6. Bg5 Be6 7. Nge2 Nbd7 8. a3 Ba5 9. Nf4 0-0 10. b4 Bb6 11. Ncxd5 Bxd5 12. Nxd5 Bxd4 13. 0-0-0 c6 14. Nxf6+ Bxf6 15. Bxf6 Qxf6 16. Rxd7 Qa1+ 17. Kd2 Rae8 18. Qd1 Qxa3 19. Qb1 a5 20. Bd3 axb4 21. Qa1 b5 22. Ra7 1-0

[Event "Titled Tuesday intern op 26th Sep Early"]
[Site "Chess.com INT"]
[Date "2023.09.26"]
[Round "5"]
[White "Zenin, Dmitri"]
[Black "Espinosa Veloz, Ermes"]
[Result "1-0"]
[WhiteElo "2163"]
[BlackElo "2478"]
[PlyCount "103"]
[EventDate "2023.09.26"]
[EventType "swiss (blitz)"]
[EventRounds "11"]
[EventCountry "USA"]
[SourceTitle "EXT 2024"]
[Source "ChessBase"]
[SourceDate "2023.10.10"]
[SourceVersion "1"]
[SourceVersionDate "2023.10.10"]
[SourceQuality "1"]

1. d4 Nf6 2. c4 g6 3. Nc3 Bg7 4. e4 d6 5. Nf3 0-0 6. Be2 Bg4 7. Be3 Nc6 8. d5 Bxf3 9. Bxf3 Ne5 10. Be2 c6 11. 0-0 cxd5 12. cxd5 a6 13. f4 Ned7 14. Rc1 Rc8 15. Qd2 b5 16. Bf3 Nc5 17. b4 Ncd7 18. a4 Nb6 19. axb5 Nc4 20. Qe2 Nxe3 21. Qxe3 axb5 22. Nxb5 Rb8 23. Na7 Qd7 24. Nc6 Ra8 25. e5 Ng4 26. Qe2 Nh6 27. g4 Kh8 28. h3 Ra3 29. Kg2 Qb7 30. Rf2 Rfa8 31. Be4 Rb3 32. g5 Nf5 33. Bxf5 gxf5 34. exd6 exd6 35. Qe7 Rxb4 36. Qxb7 Rxb7 37. Re2 h6 38. h4 Kh7 39. Ne7 Re8 40. Rce1 Bc3 41. Nxf5 Rxe2+ 42. Rxe2 hxg5 43. hxg5 Bb4 44. Kf3 Ra7 45. Kg4 Ra1 46. Rh2+ Kg8 47. Rb2 Bc5 48. Rb8+ Kh7 49. Nh6 Ra4 50. Rf8 Be3 51. Rxf7+ Kh8 52. g6 1-0

[Event "Titled Tuesday intern op 19th Sep Early"]
[Site "Chess.com INT"]
[Date "2023.09.19"]
[Round "5"]
[White "Espinosa Veloz, Ermes"]
[Black "Zarubitski, Viachaslau"]
[Result "1-0"]
[WhiteElo "2478"]
[BlackElo "2423"]
[PlyCount "149"]
[EventDate "2023.09.19"]
[EventType "swiss (blitz)"]
[EventRounds "11"]
[EventCountry "USA"]
[SourceTitle "EXT 2024"]
[Source "ChessBase"]
[SourceDate "2023.10.10"]
[SourceVersion "1"]
[SourceVersionDate "2023.10.10"]
[SourceQuality "1"]

1. e4 e5 2. Nf3 Nf6 3. Nc3 Nc6 4. h3 d5 5. exd5 Nxd5 6. Bb5 Nxc3 7. bxc3 Bd6 8. d4 exd4 9. 0-0 0-0 10. cxd4 h6 11. c4 Qf6 12. Re1 Rd8 13. Bb2 a6 14. Ba4 Bf5 15. Qe2 Re8 16. Qd2 Bb4 17. Bc3 Bxc3 18. Qxc3 Be4 19. Ne5 Nxd4 20. Rxe4 Rxe5 21. Rxd4 b5 22. cxb5 axb5 23. Bb3 c5 24. Rdd1 c4 25. Bc2 Re2 26. Qxf6 gxf6 27. Rdc1 Rd8 28. Rd1 Ra8 29. Bf5 Raxa2 30. Rxa2 Rxa2 31. Rb1 c3 32. Kh2 Ra5 33. Bd3 b4 34. Rxb4 Ra2 35. Rc4 Rxf2 36. Rxc3 Kg7 37. Rc7 Rd2 38. Bc4 Kg6 39. Bxf7+ Kg7 40. Bc4+ Kg6 41. Bf1 Rf2 42. Kg1 Rb2 43. Re7 h5 44. Bd3+ Kg5 45. Be2 Rb4 46. Kf2 Rf4+ 47. Ke3 Rb4 48. Rg7+ Kh6 49. Rg8 Kh7 50. Rf8 Kg6 51. Ra8 Rb3+ 52. Bd3+ Kg7 53. Ra7+ Kh6 54. h4 f5 55. Ke2 Kg6 56. Ra6+ Kg7 57. Bxf5 Rg3 58. Kf2 Rb3 59. Rg6+ Kf7 60. Rg5 Kf6 61. Rxh5 Rb2+ 62. Kg1 Rb3 63. g4 Ra3 64. Rh6+ Ke5 65. Rb6 Kf4 66. Kf2 Ra2+ 67. Ke1 Ra1+ 68. Kd2 Ra2+ 69. Kc3 Rh2 70. h5 Rh1 71. h6 Kg5 72. h7 Rh3+ 73. Kd4 Rh1 74. Rb8 Kf4 75. h8Q 1-0

[Event "Titled Tuesday intern op 19th Sep Early"]
[Site "Chess.com INT"]
[Date "2023.09.19"]
[Round "1"]
[White "Napoli, Nicolo"]
[Black "Espinosa Veloz, Ermes"]
[Result "0-1"]
[WhiteElo "2263"]
[BlackElo "2478"]
[PlyCount "140"]
[EventDate "2023.09.19"]
[EventType "swiss (blitz)"]
[EventRounds "11"]
[EventCountry "USA"]
[SourceTitle "EXT 2024"]
[Source "ChessBase"]
[SourceDate "2023.10.10"]
[SourceVersion "1"]
[SourceVersionDate "2023.10.10"]
[SourceQuality "1"]

1. e4 e6 2. Qe2 c5 3. Nf3 Nc6 4. g3 g6 5. Bg2 Bg7 6. 0-0 Nge7 7. c3 0-0 8. Rd1 d5 9. d4 dxe4 10. Qxe4 cxd4 11. cxd4 e5 12. d5 Bf5 13. Qe2 Nd4 14. Nxd4 exd4 15. Bg5 Re8 16. Re1 d3 17. Bxe7 dxe2 18. Bxd8 Bxb2 19. Ba5 Bxa1 20. Bc3 Bxc3 21. Nxc3 Rac8 22. Rxe2 Rxe2 23. Nxe2 Rc2 24. Bf3 Rxa2 25. g4 Be4 26. Nd4 Ra1+ 27. Kg2 Bxf3+ 28. Kxf3 Kf8 29. d6 Ke8 30. Nb5 a6 31. Nc7+ Kd7 32. Nd5 Kxd6 33. Nf6 Ra3+ 34. Ke2 b5 35. Nxh7 b4 36. Ng5 b3 37. Ne4+ Ke5 38. Nd2 Ra2 39. Kd3 Ra3 40. Nc4+ Kf4 41. Nxa3 Kxg4 42. Ke3 Kh3 43. Kf3 f6 44. Nb1 a5 45. Nc3 b2 46. Nb1 a4 47. Na3 Kxh2 48. Kg4 Kg2 49. f4 Kf2 50. f5 gxf5+ 51. Kxf5 Ke3 52. Kxf6 Kd3 53. Ke5 Kc3 54. Ke4 Kb3 55. Nb1 a3 56. Kd3 a2 57. Nd2+ Ka4 58. Kc2 a1Q 59. Nb1 Kb5 60. Nc3+ Kc4 61. Nb1 Kd5 62. Nc3+ Ke5 63. Nb1 Kf4 64. Nc3 Qc1+ 65. Kb3 b1Q+ 66. Nxb1 Qxb1+ 67. Ka3 Ke4 68. Ka4 Kd4 69. Ka5 Kc5 70. Ka6 Qb6# 0-1

[Event "Capablanca Memorial op 56th"]
[Site "Havana"]
[Date "2023.05.07"]
[Round "5"]
[White "Espinosa Veloz, Ermes"]
[Black "Cuenca Jimenez, Jose Fernando"]
[Result "1/2-1/2"]
[WhiteElo "2482"]
[BlackElo "2553"]
[PlyCount "38"]
[EventDate "2023.05.03"]
[EventType "swiss"]
[EventRounds "9"]
[EventCountry "CUB"]
[SourceTitle "EXT 2024"]
[Source "ChessBase"]
[SourceDate "2023.10.10"]
[SourceVersion "1"]
[SourceVersionDate "2023.10.10"]
[SourceQuality "1"]

1. e4 e5 2. Nf3 Nc6 3. Bc4 Bc5 4. c3 Nf6 5. d4 exd4 6. e5 d5 7. Bb5 Ne4 8. cxd4 Bb6 9. Nc3 0-0 10. Be3 Bg4 11. h3 Bh5 12. Qb3 Bxf3 13. gxf3 Nxf2 14. Bxf2 Nxd4 15. Qd1 Nxb5 16. Nxb5 Bxf2+ 17. Kxf2 c6 18. Nd4 Qh4+ 19. Kg2 Qg5+ 1/2-1/2